000 00649nam a22002417a 4500
005 20170124105945.0
010 _a527329
020 _c30.00
035 _a527329
037 _bCen Lib/Ret
040 _aDPL
_bEN
082 _a209.54
100 _aBarth,A.
_912190
245 _aThe religions of India /
_cby A.Barth;Translation J.Wood
260 _aNew Delhi
_bS.Chand & company
_c1969
270 _aNew Delhi
_bNew Delhi
_e110055
300 _axx,309p.
_c19cm(Hb)
500 _aincludes index
650 _aReligion
_912191
650 _aHinduism
_912192
700 _aWood,J.
_912193
942 _2ddc
_cEN
_h209.54
_mBAR
999 _c124863
_d124863